00359nam a2200097Ia 4500008004100000041000800041100002500049245013100074260003700205999001900242241105s9999 xx 000 0 und d aeng aBangad Komal9182495 aStudy And Evaluation Of Thermal Comfort And Occupant Satisfaction In Green Residential Buildings Through Field Studies In Pune bM.Arch Environmental, Punec2013 c360784d360784